|
|
|
|
| LEADER |
01196nas a2200313 a 4500 |
| 001 |
000423942 |
| 003 |
CZ BrMZK |
| 005 |
20051018095109.0 |
| 007 |
ta |
| 008 |
010907c19999999xr cze d |
| 015 |
|
|
|a cnb000702133
|
| 020 |
|
|
|a 80-86345-10-6
|q (2001)
|
| 035 |
|
|
|a (OCoLC)42820483
|
| 040 |
|
|
|a BOA001
|b cze
|
| 080 |
|
|
|a 357.5(437.1)
|2 MRF
|
| 245 |
0 |
0 |
|a Bezpečnostní strategie České republiky
|
| 260 |
|
|
|a Praha :
|b Agentura vojenských informací a služeb,
|c 1999-^^^^
|
| 300 |
|
|
|a ^^^sv. ;
|c 30 cm
|
| 310 |
|
|
|a 1x ročně
|
| 500 |
|
|
|a Vydav. od r. 2001: Ústav mezinárodních vztahů
|
| 541 |
|
|
|c pv
|
| 653 |
0 |
|
|a Armáda České republiky
|a bezpečnostní politika
|a vojenství
|a Česko
|
| 710 |
1 |
|
|a Česko.
|b Ministerstvo zahraničních věcí
|7 kn20010725023
|
| 910 |
|
|
|a BOA001
|b 4-1060.913
|r 1999-
|
| 964 |
|
|
|a Česko
|x politika bezpečnostní
|x strategie
|
| 964 |
|
|
|a Politika bezpečnostní
|x strategie
|y Česko
|
| 990 |
|
|
|a SE
|
| 996 |
6 |
|
|b 2610095154
|c 4-1060.913
|d 1999
|y 1999
|l MZK
|r Sklad / do 1 hodiny
|n 5
|p p.v.
|w 000423942
|u 000010
|a 1
|e BOA001
|j MZK50
|s P
|
| 996 |
6 |
|
|b 2610137934
|c 4-1060.913
|d 2001
|y 2001
|l MZK
|r Sklad / do 1 hodiny
|n 9
|w 000423942
|u 000020
|a 1
|e BOA001
|j MZK50
|s P
|